BTD6 - Bloons Tower defense 6 60s Speedrun map with hints - Statistics

General Stats
  • This quiz has been taken 434 times
  • The average score is 6 of 61
Answer Stats
Shortcut Beginner % Correct
MM Monkey Meadow
69%
L Logs
53%
DC Dark Castle
42%
OU #Ouch
38%
BP Bloody Puddles
34%
C Cubism
32%
MP Muddy Puddles
30%
IF Infernal
26%
RS Resort
23%
Q Quad
20%
ER End of the Road
16%
RV Ravine
16%
W Workshop
14%
FV Flooded Valley
12%
BL Blons
11%
IL In the loop
11%
SY Scrapyard
10%
PK Park Path
9%
TC Town Center
9%
AT Adora's Temple
8%
CF Cornfield
8%
SA Sanctuary
8%
XF X Factor
8%
BA Balance
7%
FO Frozen Over
7%
GD Geared
7%
FC Four Circles
6%
PP Pat's Pond
6%
SP Spice Islands
6%
TS Tree Stump
6%
QS Quiet Street
4%
S Skates
4%
BS Bloonarius Prime
3%
CH Chutes
3%
SW Spillway
3%
H Hedge
3%
HF High Finance
3%
LI Lotus Island
3%
MS Mesa
3%
OF Off The Coast
3%
PN Peninsula
3%
WP Winter Park
3%
AR Alpine run
2%
AB Another Brick
2%
BA Bazaar
2%
CY Candy Falls
2%
CV Carved
2%
CR Cracked
2%
DS Downstream
2%
FR Firing Range
2%
HA Haunted
2%
R Rake
2%
SS Spring Spring
2%
CB The Cabin
2%
UG Underground
2%
CG Cargo
1%
EN Encrypted
1%
KD KartsNDarts
1%
ML Moon Landing
1%
SB Streambed
1%
SC Sunken Columns
0%
No matching quizzes found
Score Distribution
Percent of People with Each Score
Percentile by Number Answered
Your Score History
You have not taken this quiz